000
00301nam a2200121Ia 4500
008
190216s9999||||xx |||||||||||||| ||und||
100
_a
Narayanan S And Manicavachagom Pillay T K
245
0
_a
Calculus Vol I
260
_b
S Vishwanathan
_c
2000
300
_a
429
650
_a
Mathematics
942
_c
BK
999
_c
31932
_d
31932